|
|
|
|
| LEADER |
00768cas a2200181 a 4500 |
| 001 |
AALejournalResearch4Life000029 |
| 008 |
240902c9999 xx r poo 0 0eng d |
| 022 |
|
|
|a 2056-354x
|
| 022 |
|
|
|a 2058-850x
|
| 040 |
|
|
|a BD-DhAAL
|c BD-DhAAL
|
| 245 |
0 |
0 |
|h [electronic resource]
|a BJHS Themes
|
| 260 |
|
|
|b Cambridge University Press
|
| 300 |
|
|
|a 1 online resource
|
| 362 |
0 |
|
|a v. 1 (2016) - current issue
|
| 500 |
|
|
|a <strong>On-Campus Access Only (IP based access)</strong>
|
| 506 |
|
|
|a Electronic access restricted to authorized BRAC University faculty, staff and students
|
| 538 |
|
|
|a Mode of access: Internet
|
| 856 |
4 |
0 |
|z Full text available on Research4Life (HINARI,AGORA,OARE,ARDI & GOALI)
|u https://www.cambridge.org/core/product/ABBDEA650BCCD46B8043A7179A30C29A/all-issues
|